00479nam a2200193 a 4500001001300000003000900013005001700022008004100039020001000080082001500090100002100105245002300126260004300149300000800192500003500200505001600235650001300251700002100264nice12345678IN_TiNIC20260116012141.0050524s1947 hyda grp 000 0 eng  ac10000a529.3bALI aAli, Hashim Amir aFacts and Fancies. aHyderabadbDominion Book Concernc1947 a73p aincludes index and biblioraphy2 aUrdu-Arabic aCalendar1 aAli, Hashim Amir